<?xml version="1.0" encoding="UTF-8"?><?xml-stylesheet type="text/xsl" href="static/style.xsl"?><OAI-PMH xmlns="http://www.openarchives.org/OAI/2.0/" xmlns:xsi="http://www.w3.org/2001/XMLSchema-instance" xsi:schemaLocation="http://www.openarchives.org/OAI/2.0/ http://www.openarchives.org/OAI/2.0/OAI-PMH.xsd"><responseDate>2026-04-17T17:22:41Z</responseDate><request verb="GetRecord" identifier="oai:www.recercat.cat:10459.1/83136" metadataPrefix="marc">https://recercat.cat/oai/request</request><GetRecord><record><header><identifier>oai:recercat.cat:10459.1/83136</identifier><datestamp>2024-12-05T21:52:49Z</datestamp><setSpec>com_2072_3622</setSpec><setSpec>col_2072_479130</setSpec></header><metadata><record xmlns="http://www.loc.gov/MARC21/slim" xmlns:dcterms="http://purl.org/dc/terms/" xmlns:xsi="http://www.w3.org/2001/XMLSchema-instance" xmlns:doc="http://www.lyncode.com/xoai" xsi:schemaLocation="http://www.loc.gov/MARC21/slim http://www.loc.gov/standards/marcxml/schema/MARC21slim.xsd">
   <leader>00925njm 22002777a 4500</leader>
   <datafield ind2=" " ind1=" " tag="042">
      <subfield code="a">dc</subfield>
   </datafield>
   <datafield ind2=" " ind1=" " tag="720">
      <subfield code="a">Casals Bergés, Quintí</subfield>
      <subfield code="e">author</subfield>
   </datafield>
   <datafield ind2=" " ind1=" " tag="260">
      <subfield code="c">2022-04-20T11:09:52Z</subfield>
   </datafield>
   <datafield ind2=" " ind1=" " tag="260">
      <subfield code="c">2022-04-20T11:09:52Z</subfield>
   </datafield>
   <datafield ind2=" " ind1=" " tag="260">
      <subfield code="c">2022</subfield>
   </datafield>
   <datafield ind2=" " ind1=" " tag="520">
      <subfield code="a">Ramón Castejón era hijo de Maria Bajils y José Castejón, abogado y propietario liberal, que fue diputado provincial en 1850 y 1851,&#xd;
senador por Lérida en 1843, aunque no tomó posesión, y un destacado comprador de tierras desamortizadas. Ambos eran originarios&#xd;
de Vilanova de Meyá, pero se trasladaron a Lérida en 1837, junto a sus tres hijos: Ramón, Pedro y José, tras sufrir el ataque de una&#xd;
partida carlista que arrasó su casa solariega en Vilanova.&#xd;
En su juventud, Ramón Castejón estudió Latín y Filosofía en el Seminario de Lérida (1841) y se licenció en Derecho en la Universidad de&#xd;
Barcelona en 1847. Ese mismo año, el 17 de julio, ingresaba en el Colegio de Abogados de Lérida, defendiendo los juicios orales&#xd;
criminales, la necesidad del arresto subsidiario por las costas impuestas al litigante pobre y la reforma del código civil titulada.&#xd;
En el ámbito privado, el 11 de noviembre de 1849 se casó con Serafina Reixachs Aigé (Lérida, 16.V.1834-12.XI.1883), con la que tuvo&#xd;
catorce hijos, aunque solo le sobrevivieron dos: Juan, licenciado en Derecho y fallecido 10 años después del padre, a los 23 años sin&#xd;
descendencia; y Evangelina, que ejerció como monja y profesora de Filosofía en el colegio de la Enseñanza de Lérida.&#xd;
Profesionalmente, Ramón Castejón primero ejerció la abogacía y se implicó en algunas acciones filantrópicas como la creación, en 1853,&#xd;
de la primera Sociedad de Socorros Mutuos de Lérida. Implicado políticamente en las filas del Partido Demócrata creado en 1849,&#xd;
participó activamente en el triunfo de la revolución progresista de 1854 y formó parte de la Junta Gubernativa que se creó en Lérida. El&#xd;
año siguiente (1855) fue elegido alcalde de Lérida por elección popular, un cargo que ocupó hasta principios de 1857. Paralelamente,&#xd;
durante el Bienio Progresista, el 3 de mayo de 1855, fue elegido teniente de la Milicia Nacional.</subfield>
   </datafield>
   <datafield ind1="8" ind2=" " tag="024">
      <subfield code="a">http://hdl.handle.net/10459.1/83136</subfield>
   </datafield>
   <datafield tag="653" ind2=" " ind1=" ">
      <subfield code="a">Castejón Bajils, Ramon, 1827-1887</subfield>
   </datafield>
   <datafield tag="653" ind2=" " ind1=" ">
      <subfield code="a">Biografies</subfield>
   </datafield>
   <datafield ind2="0" ind1="0" tag="245">
      <subfield code="a">Castejón Bajils, Ramón. Vilanova de Meyá (Lérida), 1827 – Lérida, 6.III.1887. Abogado</subfield>
   </datafield>
</record></metadata></record></GetRecord></OAI-PMH>